JUSTICE LEAGUE MEMBERS - Statistics

General Stats
  • This quiz has been taken 392 times
    372 since last reset
  • The average score is 30 of 43
Answer Stats
Hint Answer % Correct
Bruce Wayne Batman
100%
Kal-El "Clark Joseph Kent" Superman
100%
Oliver "Ollie" Queen Green Arrow
99%
Bartholomew "Barry" Henry Allen The Flash
99%
Wallace "Wally" West (Kidflash) The Flash
99%
Jason "Jay" Garrick (Allen) The Flash
99%
Princess Diana Prince Wonder Woman
99%
John "Diggle" Stewart (Spartan) Green Lantern
98%
Hal Jordan Green Lantern
96%
Guy Gardener Green Lantern
96%
Patrick "Pat" Dugan S.T.R.I.P.E.
96%
King Arthur Curry Aquaman
95%
J'Onn J'Onzz "John Jones, General Swanwick" Martian Manhunter
89%
Kara Zor-El "Karen" (Powergirl) (Danvers,Kent) Supergirl
89%
Richard "Dick" Grayson Jr. Nightwing
87%
Barbara "Barb" Gordon (Oracle) Batgirl
85%
Jaime Reyes Blue Beetle
84%
William "Billy" Batson Captain Marvel
82%
Prince Cofu "Carter Hall" H'ol Hawkman
82%
Doctor Ryan Choi The Atom
82%
Princess Shiyera "Kendra Saunders" Hawkgirl
81%
Raymond "Ray" Palmer The Atom
77%
Dinah Laurel Lance (Queen) Black Canary
76%
Roy Harper Red Arrow
66%
John Henry Irons Steel
66%
Theodore "Ted" Kord Blue Beetle
61%
Ralph "Ralphie" Dibny Elongated Man
61%
Ronald "Ronnie" Raymond Firestorm
57%
Jefferson "Jacks" Jackson/ Doctor Martin "Grey" Stein Firestorm
57%
Patrick "Eel" O'Brien Plastic Man
53%
Unknown Red Tornado
52%
Leonard "Leo" Snart Citizen Cold
47%
Amaya Jiwe Vixen
45%
Jefferson Pierce Black Lightning
43%
Guardian
42%
Theodore "Ted" Grant/ Yolanda Montez Wildcat
36%
Doctor Curtis Holt Mr. Terrific
35%
Courtney "Court" Whitmore Stargirl
35%
Sylvester Pemberton "Sam Kurtis" Starman
35%
John ----------- Constantine
29%
Richard "Rick" Tyler/ Rex Tyler Hourman
26%
Raymond "Ray" Terrill (Snart) The Ray
23%
Vibe
11%
No matching quizzes found
Score Distribution
Percent of People with Each Score
Percentile by Number Answered
Your Score History
You have not taken this quiz since the last reset